10 critical components for success in the special education classroom
Saved in:
| Main Author: | |
|---|---|
| Format: | Book |
| Language: | English |
| Published: |
CORWIN Press
2014
|
| Tags: |
Add Tag
No Tags, Be the first to tag this record!
|
MARC
| LEADER | 00000nam a22000007a 4500 | ||
|---|---|---|---|
| 008 | 201214b ||||| |||| 00| 0 eng d | ||
| 020 | |a 978-1-48333-916-0 | ||
| 100 | |a ROHRER, Marcia |a Samson, Nannette | ||
| 245 | |a 10 critical components for success in the special education classroom |c Marcia Rohrer, Nannette Samson |g xvi, 213p., ill. | ||
| 260 | |b CORWIN Press |c 2014 |h Thousand Oaks, California |i 692235 |i 692236 |l LC3969.45 .R63 |m Special education teachers – Training of. |m Special education teachers – In-services training | ||
| 500 | |a “It includes references and index”. | ||
| 942 | |a lcc |c BK |e O.A.JOHNSON |f 14/12/20 | ||
| 952 | |0 0 |1 0 |2 lcc |4 0 |6 LC396945 R63 |7 0 |9 479 |a HOL |b ED |c LP |d 2020-12-14 |l 0 |o LC3969.45 .R63 |p 2020-2208 |r 2020-12-14 00:00:00 |w 2020-12-14 |y BK | ||
| 952 | |0 0 |1 0 |2 lcc |4 0 |6 LC396945 R63 |7 0 |9 480 |a HOL |b HOL |c LP |d 2020-12-14 |l 0 |o LC3969.45 .R63 |p 2020-2209 |r 2020-12-14 00:00:00 |w 2020-12-14 |y BK | ||
| 999 | |c 247 |d 247 | ||